Los Caminos del saber : (Registro nro. 10558)
[ vista simple ]
| 000 -CABECERA | |
|---|---|
| Longitud fija campo de control | 01055nam a2200253 a 4500 |
| 003 - • IDENTIFICADOR DELl NÚMERO DE CONTROL | |
| Identificador del número de control | CO-ViMGA |
| 005 - • FECHA Y HORA DE LA ÚLTIMA TRANSACCIÓN | |
| Fecha y hora de la última transacción | 20230915224406.0 |
| 008 - • CÓDIGOS DE INFORMACIÓN DE LONGITUD FIJA | |
| Códigos de información de longitud fija | 141112s2004 ck r 000 u spa d |
| 020 ## - • NÚMERO INTERNACIONAL NORMALIZADO PARA LIBROS | |
| Número Internacional Normalizado para Libros (ISBN) | 9789582422684 |
| 040 ## - FUENTE DE LA CATALOGACIÓN | |
| Centro catalogador de origen | CO-ViMGA |
| Lengua de catalogación | spa |
| Centro transcriptor | CO-ViMGA |
| 082 ## - • NÚMERO DE LA CLASIFICACIÓN DECIMAL DEWEY | |
| Número de clasificación (R) | 510.7 J59m 9 |
| 245 10 - • TITULO PROPIAMENTE DICHO | |
| Título | Los Caminos del saber : |
| Resto del título | matemáticas 9 / |
| Mención de responsabilidad, etc. | Anneris del Rocío Joya Vega ... [et al.] ; ilustraciones Diomedes Guilombo Ramírez ... [et al.] ; fotografía Jairo Eduardo Sanabria Rodríguez ... [et al.]. |
| 250 ## - • MENCIÓN DE EDICIÓN | |
| Mención de edición | Editora Diana Constanza Salgado Ramírez. |
| 300 ## - • DESCRIPCIÓN FÍSICA | |
| Extensión | 336 p. : il., fot. ; 28 cm. |
| 500 ## - • NOTA GENERAL | |
| Nota general | Texto para la enseñanza del área de formación de matemáticas para el grado noveno de educación básica secundaria. Edición alumno. |
| 504 ## - • NOTA DE BIBLIOGRAFÍA, ETC | |
| Nota de bibliografía, etc. | Incluye bibliografía e índice. |
| 650 14 - • PUNTO DE ACCESO ADICIONAL DE MATERIA - TÉRMINO DE MATERIA | |
| Término de materia o nombre geográfico como elemento inicial | Matemáticas - Enseñanza secundaria. |
| 700 1# - • PUNTO DE ACCESO ADICIONAL - NOMBRE DE PERSONA | |
| Nombre de persona | Joya Vega, Anneris del Rocío. |
| 942 ## - ENTRADA DE ELEMENTOS AGREGADOS (KOHA) | |
| Fuente de clasificaión o esquema | Dewey Decimal Classification |
| Koha [por defecto] tipo de item | LIbro |
| 949 ## - TRATAMIENTO DE LA INFORMACIÓN LOCAL (OCLC) | |
| a | c n |
| Perdido | Fuente de clasificación o esquema | Estado Físico | No para préstamo | Forma de adquisición | Localización permanente | Localización actual | Fecha adquisición | Serie de enumeración / cronolog&íacute;a | Préstamos totales | Signatura completa | Código de barras | Fecha última consulta | Número de copia | Fecha del precio de reemplazo | Tipo de item de Koha |
|---|---|---|---|---|---|---|---|---|---|---|---|---|---|---|---|
| Dewey Decimal Classification | Sala General | Biblioteca Barrio Emporio - Villavicencio | Biblioteca Barrio Emporio - Villavicencio | 12/04/2015 | Volumen. 1 | 11/jun/2009 | 155.4 M844p | 32011 | 05/16/2017 | Ej. 1 | 12/04/2015 | LIbro | ||||
| Dewey Decimal Classification | Sala Especializada Tercer Piso | Biblioteca Pública Germán Arciniegas - Villavicencio | Biblioteca Pública Germán Arciniegas - Villavicencio | 12/04/2015 | Volumen. 1 | 11/jun/2009 | 155.4 M844p | 06047 | 11/14/2019 | Ej. 1 | 12/04/2015 | LIbro |